banner-ar

MEXICO : (Record no. 4676)

MARC details
000 -الفاتح
حقل البيانات ثابتة الطول 00564nam a2200193Ia 4500
008 - عناصر البيانات ثابتة الطول - معلومات عامة
حقل البيانات ثابتة الطول 140319s9999 xx 000 0 eng d
020 ## - الرقم الدولى المعيارى للكتب
الرقم الدولى المعيارى للكتاب 0815753136
040 ## - مصدر الفهرسة
وكالة الفهرسة الأصلية GCL /
وكالة النسخ GCL
082 04 - رقم تصنيف ديوى العشرى
رقم التصنيف 338.972
رقم المادة L M
100 1# - المدخل الرئيسى - إسم شخصى
الإسم الشخصى LUSTIG, NORA
245 10 - بيان العنوان
العنوان MEXICO :
بقية العنوان THE REMAKING OF AN ECONOMY /
بيان المسئوليه,etc LUSTIG, NORA
260 ## - PUBLICATION, DISTRIBUTION, ETC. (IMPRINT)
تاريخ النشر أو التوزيع 1992
300 ## - الوصف المادى
التعداد 23 CM ؛
أبعاد الوعاء XV111, 186 P
650 04 - المدخل الاضافى بالموضوع-مصطلح موضوعى
مصطلح موضوعي MEXICO
650 04 - المدخل الاضافى بالموضوع-مصطلح موضوعى
مصطلح موضوعي MEXICO - ECONOMIC POLICY - 1970
650 04 - المدخل الاضافى بالموضوع-مصطلح موضوعى
مصطلح موضوعي MEXICO - ECONOMIC CONDITIONS - 1982
942 ## - عناصر المدخل الإضافي( كوها)
مصدر التصنيف او مخطط الترفيف Dewey Decimal Classification
Koha [default] item type كتاب
260 ## - PUBLICATION, DISTRIBUTION, ETC. (IMPRINT)
-- نيويورك :
-- THE BROOKINGS INSTITUTION ،
Holdings
حالة التراجع حالة الفقد حالة تلف ليس للاعارة المكان المؤقت الموقع الحالى تاريخ الاكتساب اجمالي اﻻعارات رقم الطلب الباركود تاريخ اخر مشاهدة تاريخ تفعيل السعر نوع وعاء كوها
        مكتبة القاهرة الكبرى مكتبة القاهرة الكبرى 03/26/2014   338.972\L M 10533 03/26/2014 03/26/2014 كتاب

Powered By

EGPV